Catálogo
 En Linea

Córdoba y la Mezquita : (Registro nro. 22836)

Detalles MARC
000 -CABECERA
campo de control de longitud fija 00587nam a2200157 a 4500
001 - NÚMERO DE CONTROL
campo de control 000023339
005 - FECHA Y HORA DE LA ÚLTIMA TRANSACCIÓN
campo de control 20200930022142.0
008 - DATOS DE LONGITUD FIJA--INFORMACIÓN GENERAL
campo de control de longitud fija 101202s1964 sp abc r 000 0 spa d
040 ## - FUENTE DE LA CATALOGACIÓN
Centro catalogador/agencia de origen DO-SdBNP
Lengua de catalogación spa
Centro/agencia transcriptor BNPHU
082 ## - NÚMERO DE LA CLASIFICACIÓN DECIMAL DEWEY
Número de clasificación nnnn
Número de documento/Ítem S161c
049 ## - FONDOS LOCALES (OCLC)
Fondos de biblioteca BNGR
100 1# - ENTRADA PRINCIPAL--NOMBRE DE PERSONA
Nombre de persona Salcedo Hierro, Miguel,
9 (RLIN) 48074
245 10 - MENCIÓN DE TÍTULO
Título Córdoba y la Mezquita :
Resto del título guía de Córdoba, con un itinerario completo de visita, 217 fotografías, un plano de la ciudad y otro de la Mezquita /
Mención de responsabilidad, etc. Miguel Salcedo Hierro.
260 ## - PUBLICACIÓN, DISTRIBUCIÓN, ETC.
Lugar de publicación, distribución, etc. Córdoba, España :
Nombre del editor, distribuidor, etc. [s.n.] ,
Fecha de publicación, distribución, etc. 1964.
300 ## - DESCRIPCIÓN FÍSICA
Extensión 118 p. :
Otras características físicas il., retrs., mapas ;
Dimensiones 20 cm.
Existencias
Estado de retiro Estado de pérdida Restricciones de uso No para préstamo Código de colección Localización permanente Ubicación/localización actual Ubicación en estantería Fecha de adquisición Número de inventario Total de préstamos Signatura topográfica completa Código de barras Fecha visto por última vez Precio válido a partir de Tipo de ítem Koha
    Préstamo interno   Monografías: Libros y Folletos General General En catalogación 02.12.2010 LF1   nnnn S161c 23339-10 25.06.2020 25.06.2020 Préstamo interno

Con tecnología Koha